States With the Lowest Electoral College - Statistics

General Stats
  • This quiz has been taken 39 times
  • The average score is 5 of 6
Answer Stats
# Answer % Correct
3 North Dakota
97%
3 South Dakota
97%
3 Alaska
94%
3 Wyoming
94%
3 Vermont
83%
3 Delaware
80%
No matching quizzes found
Score Distribution
Percent of People with Each Score
Percentile by Number Answered
Your Score History
You have not taken this quiz